Bezobslužná pracoviště pro objemové tváření s využitím průmyslového robotu

Bibliographic Details
Main Author: Valúch, Zdeněk (Author)
Format: Article
Language:Czech
Subjects:

MARC

LEADER 00000nab a2200000 a 4500
001 vtls000225671
003 SK-MaSNL
005 20260303212337.0
008 160201c1984 xo 0 cze
015 |a SNBRA19rr/mm-uuuuu 
035 |a CL0235785 
040 |a SNKBUCL  |b slo  |c SNKBUCL  |e AACR2 
041 0 |a cze 
044 |a xo  |c SK 
080 |a 621.77:007.52  |2 1981 
080 |a 007.52  |2 1981 
100 1 |a Valúch, Zdeněk  |4 aut  |9 279583 
245 1 0 |a Bezobslužná pracoviště pro objemové tváření s využitím průmyslového robotu  |c Zdeněk Valúch 
650 0 7 |a objemové tvárnenie  |2 snkbucl  |9 84290 
650 0 7 |a pracoviská bezobslužné  |2 snkbucl  |9 946506 
650 0 7 |a priemyselné roboty  |2 snkbucl  |9 31851 
650 0 7 |a priemyselné manipulátory  |2 snkbucl  |9 276642 
655 7 |a články zo zborníkov  |2 snkbucl  |9 166140 
773 0 |t Bezobslužné pracoviská v strojárenstve. Celoštátna konferencia  |d Bratislava : Dom techniky ČSVTS, 1984 
850 |a Slovenská národná knižnica v Martine  |a MTA001 
852 |a SNK  |b KIS3GCP 
958 |a RK 
958 |a CZ 
992 |a RZB 
999 |c 2206802  |d 2208732